| 000 | 01325cam a2200241 4500 | ||
|---|---|---|---|
| 001 | ABS66493 | ||
| 008 | 030325n2003 000 0 eng u | ||
| 035 | _a(Sirsi) u121734 | ||
| 100 | _aHarris, P. | ||
| 245 | _aNow you're talking | ||
| 260 | _c2003 | ||
| 490 |
_aBuilding _v253(8274) 14 March 2003, 54-55(2) |
||
| 520 | _aComments on the CDM Regulations which the Health & Safety Executive has contemplated making changes to. Says how much the CDM has been criticised for introducing bureaucracy into the industry and being difficult to enforce and implement. Argues that when the CDM is reformed it should follow the good practice set down in the Construction Act 1996 which requires people to put certain terms into their construction contracts governing such items as payment and adjudication. This would give the parties the right to enforce the regulations contractually and also to sue for breach of statutory duty. | ||
| 590 | _aABS | ||
| 650 | _aCONSTRUCTION (DESIGN AND MANAGEMENT) REGULATIONS 1994 | ||
| 650 | _aCONSTRUCTION (DESIGN AND MANAGEMENT) REGULATIONS 1994 | ||
| 650 | _aHEALTH AND SAFETY REGULATIONS | ||
| 650 | _aSCHEME FOR CONSTRUCTION CONTRACTS | ||
| 650 | _aHEALTH AND SAFETY EXECUTIVE | ||
| 650 | _aCLAYTON V WOODMAN | ||
| 690 | _aBUILT ENVIRONMENT-BUILDING STANDARDS | ||
| 942 | _n0 | ||
| 999 |
_c72348 _d72348 |
||